000 00883nam a2200289Ia 4500
001 G7854
003 IT-RoPAU
008 130308s9999 xx 000 0 und d
040 _aIT-RoPAU
040 _cIT-RoPAU
041 _aITALIANO
100 _aPedrocchi Federico
100 _gCodice Aut. SPICS: 2779
245 _aPercezioni della rete
245 _bComunicazione nell'era di internet (La)
250 _a1a ed.
260 _aMILANO
260 _bEtas Libri
260 _c2000 [1° Ed.:2000 - Ed.Ling.Originale:2000]
300 _a"7 p. (prefazione: no ; testo: 7 [pagine: 177-183])"
500 _aInsostenibile costo di un Web. Kodak Fa I Film. Specificità della Comunicazione Multimediale. in Attesa dei Primi Veri Provider.
650 _aSAGGI SULLA MULTIMEDIALITA'
650 _eCodice materia Spics: 4257
942 _cBK
957 _71
999 _c81748
_d81748
999 _g1